[Event "XXV Festival Conca della Presolana A"]
[Site "Bratto - Castione della Presolana ITA"]
[Date "2005.08.27"]
[Round "8"]
[White "Lucaroni, Massimiliano"]
[Black "Pechy, Alaster"]
[Result "1/2-1/2"]
[WhiteElo "2318"]
[BlackElo "2168"]
[PlyCount "36"]
[EventDate "2005.08.20"]

1. e4 c5 2. Nc3 Nc6 3. Nf3 e6 4. d4 cxd4 5. Nxd4 Nf6 6. Be3 Bb4 7. Bd3 d5 8.
Nxc6 bxc6 9. e5 d4 10. exf6 dxe3 11. fxg7 exf2+ 12. Kf1 Rg8 13. Qg4 Bxc3 14.
bxc3 Qf6 15. Qc4 Bd7 16. Be4 Rc8 17. Bf3 Rxg7 18. Kxf2 c5 1/2-1/2

[Event "XXV Festival Conca della Presolana A"]
[Site "Bratto - Castione della Presolana ITA"]
[Date "2005.08.27"]
[Round "8"]
[White "Mantovani, Renzo"]
[Black "Sax, Gyula"]
[Result "1/2-1/2"]
[WhiteElo "2371"]
[BlackElo "2568"]
[PlyCount "26"]
[EventDate "2005.08.20"]

1. Nf3 Nf6 2. g3 d5 3. Bg2 c6 4. d3 Bg4 5. Nbd2 Nbd7 6. h3 Bh5 7. O-O e5 8. c4
Bd6 9. cxd5 cxd5 10. Nh4 O-O 11. Nf5 Bc7 12. Nf3 Re8 13. N3h4 Nb6 1/2-1/2

[Event "XXV Festival Conca della Presolana A"]
[Site "Bratto - Castione della Presolana ITA"]
[Date "2005.08.27"]
[Round "8"]
[White "Marzano, Carlo"]
[Black "Nardelli, Marco"]
[Result "1/2-1/2"]
[WhiteElo "2201"]
[BlackElo "2108"]
[PlyCount "155"]
[EventDate "2005.08.20"]

1. Nc3 c5 2. d4 cxd4 3. Qxd4 Nc6 4. Qh4 Nf6 5. e4 e6 6. Nf3 Be7 7. Bg5 Ng8 8.
Bxe7 Ngxe7 9. O-O-O Qa5 10. Qg5 Qxg5+ 11. Nxg5 a6 12. a4 f5 13. f4 h6 14. Nf3
fxe4 15. Nxe4 O-O 16. g3 d5 17. Nd6 Nf5 18. Nxf5 Rxf5 19. Bh3 Rf6 20. Nd4 e5
21. fxe5 Nxe5 22. Bg2 Rd6 23. Rhe1 Ng4 24. Re8+ Kh7 25. Rde1 Nf6 26. Rf8 b5 27.
Re7 Rd7 28. Rxd7 Nxd7 29. Rd8 Nf6 30. Bh3 Bb7 31. Rxa8 Bxa8 32. a5 Bb7 33. Nb3
Ne4 34. Bf5+ g6 35. Bxe4 dxe4 36. Nc5 Bc8 37. Kd2 Kg7 38. Ke3 Kf6 39. Nxe4+ Ke5
40. c3 Kd5 41. b4 Bh3 42. Nf6+ Ke6 43. Ne4 Kd5 44. Nc5 Kc4 45. Kd2 Bc8 46. Nd3
Bf5 47. Nf4 Be4 48. Ne6 Bf5 49. Nc7 Bc8 50. Na8 Be6 51. Nb6+ Kb3 52. Kd3 Ka3
53. Na8 Kb3 54. Nc7 Bc8 55. Nd5 Be6 56. Ne7 Bd7 57. Kd4 Be8 58. Ng8 Bd7 59. Nf6
Be6 60. Ne4 Bc8 61. Nc5+ Ka3 62. Nxa6 Bxa6 63. Kc5 Ka4 64. Kb6 Bc8 65. Kc5 g5
66. c4 bxc4 67. Kxc4 Ba6+ 68. Kc5 g4 69. Kb6 Be2 70. a6 Kxb4 71. a7 Bf3 72. Kc7
Kc3 73. Kd6 Kd4 74. Ke6 Ke3 75. Kf5 Kf2 76. a8=Q Bxa8 77. Kxg4 Bf3+ 78. Kh4
1/2-1/2

[Event "XXV Festival Conca della Presolana A"]
[Site "Bratto - Castione della Presolana ITA"]
[Date "2005.08.27"]
[Round "8"]
[White "Mazzariol, Oscar"]
[Black "Forato, Enrico"]
[Result "0-1"]
[WhiteElo "2078"]
[BlackElo "1974"]
[PlyCount "104"]
[EventDate "2005.08.20"]

1. f4 d5 2. Nf3 Nf6 3. b3 g6 4. Bb2 Bg7 5. e3 O-O 6. d3 c5 7. Nbd2 Nc6 8. Ne5
Nxe5 9. Bxe5 Ng4 10. Bxg7 Kxg7 11. Qf3 d4 12. e4 Ne3 13. Rc1 Qa5 14. Be2 Qc3
15. h3 Nxc2+ 16. Kd1 Ne3+ 17. Qxe3 Qxc1+ 18. Kxc1 dxe3 19. Nc4 b5 20. Nxe3 a5
21. Kb2 Bb7 22. g4 a4 23. Rc1 Rfc8 24. g5 Ra7 25. Bg4 e6 26. Bd1 Rd8 27. Be2
axb3 28. axb3 Rda8 29. Rc2 Ra2+ 30. Kc3 b4+ 31. Kd2 Rxc2+ 32. Nxc2 f5 33. gxf6+
Kxf6 34. e5+ Ke7 35. d4 cxd4 36. Nxd4 Bd5 37. Bd1 Ra2+ 38. Bc2 Be4 39. Kc1 Ra1+
40. Kd2 Bxc2 41. Nxc2 Rh1 42. Nxb4 Rxh3 43. Nc6+ Kd7 44. Nd4 h5 45. b4 h4 46.
b5 Rh1 47. Ke2 Rb1 48. Nf3 h3 49. Kf2 Rxb5 50. Nh4 Rb2+ 51. Kg1 Ke8 52. Nxg6
Rg2+ 0-1

[Event "XXV Festival Conca della Presolana A"]
[Site "Bratto - Castione della Presolana ITA"]
[Date "2005.08.27"]
[Round "8"]
[White "Mogranzini, Roberto"]
[Black "Moncelli, Giorgio"]
[Result "1-0"]
[WhiteElo "2363"]
[BlackElo "2149"]
[PlyCount "120"]
[EventDate "2005.08.20"]

1. e4 e5 2. Nf3 Nc6 3. Bb5 a6 4. Ba4 Nf6 5. Qe2 b5 6. Bb3 Be7 7. O-O O-O 8. c3
d6 9. d4 Bg4 10. Rd1 Re8 11. h3 Bh5 12. Bg5 exd4 13. cxd4 d5 14. e5 Ne4 15. Bf4
Bg6 16. Nc3 Nxc3 17. bxc3 Qd7 18. Ne1 Na5 19. Bc2 Nc4 20. Bxg6 hxg6 21. Nd3 Ba3
22. Bc1 Bf8 23. f4 f5 24. Be3 Ba3 25. Bf2 a5 26. Kh2 Kf7 27. Rab1 c6 28. Re1
Qe6 29. Rg1 Rh8 30. Qc2 Rh5 31. Qe2 Rah8 32. Ra1 a4 33. Rab1 Be7 34. Be3 Ba3
35. Rgf1 Be7 36. Bc1 Re8 37. Kg1 Reh8 38. Ne1 Nd6 39. Rf3 Nc4 40. Nc2 Re8 41.
Kf1 Rhh8 42. Qd3 Rh5 43. Ke2 Rc8 44. Be3 Re8 45. Rg1 Reh8 46. Bc1 Nd6 47. Ba3
Ne4 48. Bxe7 Kxe7 49. Kd1 g5 50. fxg5 Rxg5 51. Kc1 Qg6 52. Ne3 Qe6 53. Rgf1 g6
54. Qb1 Rg3 55. Qb4+ Kf7 56. Rxg3 Nxg3 57. Rf3 Kg7 58. Rxg3 f4 59. Rf3 fxe3 60.
Rf6 Qc8 1-0

[Event "XXV Festival Conca della Presolana A"]
[Site "Bratto - Castione della Presolana ITA"]
[Date "2005.08.27"]
[Round "8"]
[White "Osuna Munoz, Xavier"]
[Black "Mosconi, Ariel Oscar"]
[Result "0-1"]
[WhiteElo "2092"]
[BlackElo "2102"]
[PlyCount "120"]
[EventDate "2005.08.20"]

1. e4 e5 2. Nc3 Nf6 3. Nf3 Bb4 4. Qe2 O-O 5. a3 Bxc3 6. dxc3 d5 7. Bg5 dxe4 8.
Nxe5 Qd6 9. Nc4 Qc6 10. O-O-O Bg4 11. f3 exf3 12. Qd3 Nbd7 13. Ne3 Bh5 14. gxf3
Bxf3 15. Nf5 Qe4 16. Rg1 g6 17. Nh6+ Kg7 18. Nf5+ Kh8 19. Ng3 Qxd3 20. Rxd3 Bc6
21. Bh3 h5 22. Rgd1 Nh7 23. Be7 Ne5 24. Rd4 Rfe8 25. Bd8 Nf3 26. R4d3 h4 27.
Nf1 f5 28. Bxc7 Nhg5 29. Bg2 Ne1 30. Bxc6 Nxd3+ 31. cxd3 bxc6 32. d4 Nf7 33.
Kd2 Re7 34. Ba5 Rae8 35. Kd3 Re1 36. Rxe1 Rxe1 37. Nd2 Rh1 38. Bc7 g5 39. Nf3
Kg7 40. a4 Kf6 41. b4 Ra1 42. b5 cxb5 43. axb5 Rb1 44. c4 Rb3+ 45. Ke2 Ke6 46.
d5+ Kd7 47. Bb8 a5 48. Nd4 Rb2+ 49. Kd3 Kc8 50. Kc3 Rb1 51. Ba7 Nd6 52. b6 Rc1+
53. Nc2 g4 54. Kb2 Rxc2+ 55. Kxc2 Nxc4 56. Kb3 Nd6 57. b7+ Nxb7 58. Bf2 h3 59.
Bg3 Nc5+ 60. Kc4 Ne4 0-1

[Event "XXV Festival Conca della Presolana A"]
[Site "Bratto - Castione della Presolana ITA"]
[Date "2005.08.27"]
[Round "8"]
[White "Pace, Pietro Dario"]
[Black "Podini, Francesco"]
[Result "1-0"]
[WhiteElo "2198"]
[BlackElo "2062"]
[PlyCount "59"]
[EventDate "2005.08.20"]

1. e4 c5 2. Nf3 e6 3. b3 d6 4. Bb2 a6 5. d4 cxd4 6. Nxd4 Nf6 7. Bd3 Be7 8. Nd2
Qc7 9. Qe2 Nbd7 10. O-O-O b5 11. f4 Bb7 12. Kb1 Nc5 13. g4 d5 14. e5 Nfe4 15.
Qe3 Rc8 16. f5 Bg5 17. Qe2 Nxd2+ 18. Rxd2 Bxd2 19. Qxd2 Ne4 20. Bxe4 dxe4 21.
Qg5 Qe7 22. Qxg7 Kd7 23. Ba3 Qxa3 24. Qxf7+ Qe7 25. fxe6+ Kd8 26. Nc6+ Bxc6 27.
Rd1+ Kc7 28. Rd7+ Kb6 29. Qxe7 e3 30. Qd6 1-0

[Event "XXV Festival Conca della Presolana A"]
[Site "Bratto - Castione della Presolana ITA"]
[Date "2005.08.27"]
[Round "8"]
[White "Palac, Mladen"]
[Black "Sanchez, Joseph"]
[Result "1-0"]
[WhiteElo "2566"]
[BlackElo "2452"]
[PlyCount "59"]
[EventDate "2005.08.20"]

1. e4 c5 2. Nf3 Nc6 3. d4 cxd4 4. Nxd4 Nf6 5. Nc3 e5 6. Ndb5 d6 7. Bg5 a6 8.
Na3 b5 9. Nd5 Be7 10. Bxf6 Bxf6 11. c3 O-O 12. Nc2 Rb8 13. h4 a5 14. Nce3 Be7
15. Bd3 Be6 16. a3 g6 17. g3 f5 18. f4 Qd7 19. a4 bxa4 20. Qxa4 Bd8 21. Bb5 Rc8
22. O-O-O exf4 23. Nxf4 Bf7 24. Nc4 fxe4 25. Nxd6 Qc7 26. Nxc8 Nb4 27. Nd6 Bf6
28. Nxf7 Bxc3 29. Nh6+ Kh8 30. bxc3 1-0

[Event "XXV Festival Conca della Presolana A"]
[Site "Bratto - Castione della Presolana ITA"]
[Date "2005.08.27"]
[Round "8"]
[White "Paolinelli, Giacomo"]
[Black "Astengo, Corrado"]
[Result "1/2-1/2"]
[WhiteElo "2042"]
[BlackElo "2129"]
[PlyCount "69"]
[EventDate "2005.08.20"]

1. e4 c5 2. Nc3 Nc6 3. g3 g6 4. Bg2 Bg7 5. d3 d6 6. Be3 e6 7. Qd2 Rb8 8. Nge2
Nd4 9. Nd1 b5 10. O-O Nxe2+ 11. Qxe2 Ne7 12. Qd2 O-O 13. Bh6 d5 14. Bxg7 Kxg7
15. Qc3+ Kg8 16. Qxc5 Bd7 17. c3 a5 18. exd5 Nxd5 19. Ne3 Nxe3 20. Qxe3 Rc8 21.
Rac1 Qf6 22. Rfe1 Rfd8 23. Rc2 Be8 24. Rec1 Bc6 25. Bxc6 Rxc6 26. d4 Rd5 27. f4
Qd8 28. Rd1 Qc7 29. b3 a4 30. Qd3 Rcd6 31. Qe3 Rc6 32. c4 bxc4 33. Rdc1 axb3
34. axb3 Qa7 35. Rxc4 1/2-1/2

[Event "XXV Festival Conca della Presolana A"]
[Site "Bratto - Castione della Presolana ITA"]
[Date "2005.08.27"]
[Round "8"]
[White "Pegoraro, Nicola"]
[Black "D'Apa, Matteo"]
[Result "0-1"]
[WhiteElo "2085"]
[BlackElo "1995"]
[PlyCount "57"]
[EventDate "2005.08.20"]

1. e4 e5 2. Nf3 Nc6 3. d4 exd4 4. Bc4 Nf6 5. O-O d6 6. Nxd4 Nxd4 7. Qxd4 Be7 8.
Nc3 O-O 9. Bf4 Be6 10. Rad1 Nh5 11. Bc1 Bf6 12. Qd3 Bxc4 13. Qxc4 Bxc3 14. Qxc3
Qe7 15. Rfe1 Rfe8 16. Qf3 Qe5 17. Re2 Nf6 18. Rde1 Re6 19. Qb3 b6 20. f4 Qd4+
21. Be3 Qxe4 22. Bxb6 Qxe2 23. Rxe2 Rxe2 24. Bxa7 Rae8 25. h3 h6 26. Bd4 Ne4
27. Bc3 Nd2 28. Bxd2 Rxd2 29. g4 0-1

[Event "XXV Festival Conca della Presolana A"]
[Site "Bratto - Castione della Presolana ITA"]
[Date "2005.08.27"]
[Round "8"]
[White "Qendro, Llambi"]
[Black "Maiorov, Nikita"]
[Result "0-1"]
[WhiteElo "2357"]
[BlackElo "2453"]
[PlyCount "91"]
[EventDate "2005.08.20"]

1. d4 Nf6 2. c4 e6 3. Nc3 Bb4 4. Qc2 c5 5. dxc5 Bxc5 6. Nf3 Qb6 7. e3 Qc7 8.
Be2 a6 9. O-O b6 10. Ne4 Be7 11. Nxf6+ gxf6 12. e4 Bb7 13. Be3 Rg8 14. Rfd1 Nc6
15. Qb3 Bc5 16. Bxc5 bxc5 17. Qe3 d6 18. Rd2 Ke7 19. Rad1 Rad8 20. a3 a5 21. h3
Bc8 22. Nh2 Nd4 23. b4 Rg6 24. Rxd4 cxd4 25. Qxd4 Rdg8 26. Bf1 Bb7 27. Ng4 Bxe4
28. Qxe4 f5 29. Qf4 fxg4 30. c5 e5 31. cxd6+ Qxd6 32. Qc1 Qc6 33. Qe3 gxh3 34.
Qxh3 axb4 35. axb4 Qe6 36. Qh4+ Kf8 37. Qxh7 Ke7 38. Qh4+ Qf6 39. Qe4 Kf8 40.
g3 Qb6 41. Kg2 f6 42. Rd2 Rg5 43. Qh4 Rf5 44. g4 Rf4 45. f3 Ke7 46. Re2 {...}
0-1

[Event "XXV Festival Conca della Presolana A"]
[Site "Bratto - Castione della Presolana ITA"]
[Date "2005.08.27"]
[Round "8"]
[White "Radice, Luca"]
[Black "Magrini, Fabrizio"]
[Result "0-1"]
[WhiteElo "2100"]
[BlackElo "1996"]
[PlyCount "80"]
[EventDate "2005.08.20"]

1. d4 c5 2. e3 cxd4 3. exd4 d5 4. Bd3 Nc6 5. c3 Nf6 6. Bf4 g6 7. Nd2 Bg7 8. h3
Bd7 9. Ngf3 Qb6 10. Rb1 O-O 11. O-O Rae8 12. Ne5 Qd8 13. Re1 Bc8 14. Ndf3 Nh5
15. Nxc6 bxc6 16. Be5 Bh6 17. Qa4 Qb6 18. b4 f6 19. Bh2 Nf4 20. Bxf4 Bxf4 21.
Qc2 Qc7 22. c4 Qd6 23. Nh4 Bh6 24. b5 Qf4 25. Nxg6 hxg6 26. Bxg6 Bg7 27. bxc6
Qxd4 28. cxd5 Qxd5 29. Rb4 Qg5 30. f4 Qg3 31. Rf1 Rd8 32. f5 Bh6 33. Rg4 Qe3+
34. Kh1 Ba6 35. Rd1 Rxd1+ 36. Qxd1 Be2 37. Qd5+ Kh8 38. Rh4 Kg7 39. Qd7 Rb8 40.
g4 Rb1+ 0-1

[Event "XXV Festival Conca della Presolana A"]
[Site "Bratto - Castione della Presolana ITA"]
[Date "2005.08.27"]
[Round "8"]
[White "Ranola, Yves"]
[Black "Borgo, Giulio"]
[Result "0-1"]
[WhiteElo "2466"]
[BlackElo "2380"]
[PlyCount "86"]
[EventDate "2005.08.20"]

1. c4 e6 2. g3 d5 3. Bg2 g6 4. Nf3 Bg7 5. O-O Ne7 6. d4 Nbc6 7. e3 O-O 8. Nbd2
a5 9. b3 e5 10. Nxe5 Nxe5 11. dxe5 Bxe5 12. Ba3 Re8 13. Rc1 c6 14. cxd5 Nxd5
15. Nc4 Bc7 16. e4 Nb4 17. Qf3 Be6 18. Rfd1 Qe7 19. Bb2 Nxa2 20. Rc2 Bxc4 21.
bxc4 Nb4 22. Rcd2 Be5 23. Rd7 Qf8 24. Bc1 Re7 25. Bg5 Rxd7 26. Rxd7 a4 27. Be7
Qe8 28. Bh3 a3 29. Bxb4 a2 30. Rd1 a1=Q 31. Rxa1 Rxa1+ 32. Kg2 Bd4 33. Qe2 c5
34. Be1 Qa4 35. Bg4 Qa2 36. Bd2 Qb1 37. Bc8 Qd1 38. Qxd1 Rxd1 39. Bg5 Rb1 40.
f4 Rb2+ 41. Kh1 f6 42. Be6+ Kg7 43. Bh4 Be3 0-1

[Event "XXV Festival Conca della Presolana A"]
[Site "Bratto - Castione della Presolana ITA"]
[Date "2005.08.27"]
[Round "8"]
[White "Raselli, Claudio"]
[Black "Andreoli, Renato"]
[Result "0-1"]
[WhiteElo "2063"]
[BlackElo "2154"]
[PlyCount "88"]
[EventDate "2005.08.20"]

1. e4 d5 2. exd5 Nf6 3. Nf3 Qxd5 4. Nc3 Qh5 5. d4 Bg4 6. Be2 Nc6 7. O-O O-O-O
8. h3 e5 9. Ng5 Bxe2 10. Qxe2 exd4 11. Qxh5 Nxh5 12. Nxf7 dxc3 13. Nxh8 Be7 14.
Nf7 Rf8 15. Nh6 cxb2 16. Bxb2 gxh6 17. Rad1 b6 18. g3 Bc5 19. Kg2 Nf6 20. Rfe1
Ne8 21. f4 Nd6 22. Re6 Nf5 23. Rde1 Kb7 24. g4 Nfd4 25. Rxh6 Rxf4 26. Bxd4 Nxd4
27. c3 Nc2 28. Re8 Ne3+ 29. Kg3 Rf7 30. Rh8 Bd6+ 31. Kh4 Ng2+ 32. Kh5 Nf4+ 33.
Kh4 Ng6+ 34. Rxg6 hxg6 35. Kg5 Rf3 36. Kxg6 Be5 37. Re8 Bxc3 38. h4 c5 39. h5
c4 40. h6 Rf6+ 41. Kh5 Rf1 42. g5 Rh1+ 43. Kg6 b5 44. h7 b4 0-1

[Event "XXV Festival Conca della Presolana A"]
[Site "Bratto - Castione della Presolana ITA"]
[Date "2005.08.27"]
[Round "8"]
[White "Ricci, Alfredo"]
[Black "Temi, Walter"]
[Result "0-1"]
[WhiteElo "2015"]
[BlackElo "2092"]
[PlyCount "59"]
[EventDate "2005.08.20"]

1. e4 e6 2. d4 d5 3. exd5 exd5 4. Nf3 Nf6 5. c4 Be7 6. Nc3 O-O 7. Bg5 c6 8. Qb3
Ne4 9. Nxe4 dxe4 10. Bxe7 Qxe7 11. Nd2 Bg4 12. h3 Bh5 13. g4 Bg6 14. O-O-O Re8
15. Re1 Qf6 16. Qe3 Nd7 17. h4 h5 18. Be2 c5 19. d5 hxg4 20. h5 Bf5 21. Reg1 b5
22. Bxg4 Ne5 23. Bxf5 Nd3+ 24. Kd1 Qxf5 25. Ke2 bxc4 26. Nxc4 Nf4+ 27. Ke1 Rad8
28. d6 Ne6 29. Rh4 Nd4 30. Rf4 0-1

[Event "XXV Festival Conca della Presolana A"]
[Site "Bratto - Castione della Presolana ITA"]
[Date "2005.08.27"]
[Round "8"]
[White "Ricci, Marco"]
[Black "Corvi, Marco"]
[Result "0-1"]
[WhiteElo "2147"]
[BlackElo "2317"]
[PlyCount "74"]
[EventDate "2005.08.20"]

1. e4 Nf6 2. e5 Nd5 3. d4 d6 4. Nf3 Bg4 5. Be2 e6 6. O-O Be7 7. c4 Nb6 8. h3
Bh5 9. Nc3 d5 10. c5 N6d7 11. Ne1 Bxe2 12. Qxe2 b6 13. cxb6 axb6 14. f4 g6 15.
Nf3 c5 16. Be3 Nc6 17. Kh1 Qc8 18. Bf2 O-O 19. g4 cxd4 20. Nxd4 Bc5 21. Ncb5
Ra4 22. Qd2 Bxd4 23. Nxd4 Nc5 24. Nxc6 Qxc6 25. Rfc1 d4+ 26. Kh2 Qf3 27. Rxc5
bxc5 28. b3 Raa8 29. Bg3 Rfd8 30. Bh4 Rd5 31. Bf6 Qe3 32. Qg2 Qxf4+ 33. Kh1 d3
34. Rf1 Qe3 35. Rf3 Qe2 36. Rf2 Qxf2 37. Qxf2 d2 0-1

[Event "XXV Festival Conca della Presolana A"]
[Site "Bratto - Castione della Presolana ITA"]
[Date "2005.08.27"]
[Round "8"]
[White "Rigo, Gianfrancesco"]
[Black "Bracali, Andrea"]
[Result "0-1"]
[WhiteElo "2031"]
[BlackElo "2119"]
[PlyCount "38"]
[EventDate "2005.08.20"]

1. e4 d5 2. exd5 Qxd5 3. Nc3 Qe5+ 4. Be2 c6 5. Nf3 Qc7 6. d4 Bf5 7. d5 Nf6 8.
Nd4 Bg6 9. dxc6 Nxc6 10. Nxc6 bxc6 11. Bf3 Rd8 12. Qe2 e6 13. O-O Bd6 14. g3
O-O 15. Bg5 Be7 16. Ne4 Nxe4 17. Bxe7 Nxg3 18. hxg3 Qxe7 19. c3 Bd3 0-1

[Event "XXV Festival Conca della Presolana A"]
[Site "Bratto - Castione della Presolana ITA"]
[Date "2005.08.27"]
[Round "8"]
[White "Rombaldoni, Denis"]
[Black "Femiano, Andrea"]
[Result "1-0"]
[WhiteElo "2327"]
[BlackElo "2177"]
[PlyCount "85"]
[EventDate "2005.08.20"]

1. d4 c5 2. d5 e5 3. e4 d6 4. Nc3 Be7 5. Be2 Nf6 6. h3 O-O 7. Nf3 Re8 8. Nd2
Nbd7 9. a4 Nf8 10. Nc4 Ng6 11. O-O Bf8 12. Rb1 Nf4 13. Bf3 g5 14. Re1 Be7 15.
Ne2 Kh8 16. Ng3 Rg8 17. Ne3 Ng6 18. Bg4 Nxg4 19. hxg4 Nh4 20. Ngf5 Nxf5 21.
gxf5 f6 22. g3 Qe8 23. c4 h5 24. Kg2 Kg7 25. Rh1 Rh8 26. b4 b6 27. bxc5 bxc5
28. a5 Ba6 29. Bd2 Bd8 30. Qe2 Bc7 31. Rh2 Rb8 32. Rbh1 Rb2 33. Qd1 Kf8 34. Bc3
Rb8 35. Rxh5 Rxh5 36. Rxh5 Ke7 37. Qh1 Rb3 38. Rh7+ Kd8 39. Rh8 Rxc3 40. Ng4
Bxa5 41. Rxe8+ Kxe8 42. Nxf6+ Kd8 43. Qa1 1-0

[Event "XXV Festival Conca della Presolana A"]
[Site "Bratto - Castione della Presolana ITA"]
[Date "2005.08.27"]
[Round "8"]
[White "Rorato, Renzo"]
[Black "Bentivegna, Francesco"]
[Result "0-1"]
[WhiteElo "2120"]
[BlackElo "2225"]
[PlyCount "100"]
[EventDate "2005.08.20"]

1. Nf3 Nc6 2. d4 d5 3. e3 Bg4 4. Be2 e6 5. h3 Bh5 6. Nbd2 Nf6 7. c4 Be7 8. a3
a5 9. Qa4 O-O 10. g4 Bg6 11. Nh4 Be4 12. Nxe4 Nxe4 13. Ng2 Bh4 14. O-O f5 15.
f4 Ng3 16. Rf2 Ne4 17. Rf1 Be7 18. Qd1 a4 19. Bd2 Na5 20. Bxa5 Rxa5 21. Qe1 c5
22. Rd1 Qb6 23. cxd5 exd5 24. Bd3 c4 25. Bxe4 fxe4 26. Rd2 Rb5 27. Qc1 Rb3 28.
Rc2 Qc6 29. Rc3 b5 30. Rxb3 axb3 31. Qc3 b4 32. axb4 Ra8 33. Rb1 Qa4 34. f5
Bxb4 35. Qc1 Qa5 36. Qd1 Qd8 37. Nf4 Ra2 38. Ne2 Qh4 39. Qf1 Bd6 40. Qg2 Qg5
41. Kf2 h5 42. Nc3 Ra5 43. Nxd5 hxg4 44. hxg4 Rxd5 45. Qxe4 Qh4+ 46. Kf1 Qh3+
47. Ke2 Qh2+ 48. Kd1 Ra5 49. Qe6+ Kh7 50. f6 Qc2+ 0-1

[Event "XXV Festival Conca della Presolana A"]
[Site "Bratto - Castione della Presolana ITA"]
[Date "2005.08.27"]
[Round "8"]
[White "Rosin, Federico"]
[Black "Mihalj, Miroslav M."]
[Result "0-1"]
[WhiteElo "2127"]
[BlackElo "2298"]
[PlyCount "68"]
[EventDate "2005.08.20"]

1. e4 g6 2. d4 Bg7 3. Nc3 d5 4. exd5 Nf6 5. Bc4 Nbd7 6. Bg5 a6 7. a4 O-O 8.
Bxf6 Nxf6 9. Nf3 Ne8 10. Ne5 Nd6 11. Bb3 c5 12. dxc6 Nf5 13. Bd5 Qc7 14. Nf3
Rd8 15. Bb3 bxc6 16. Qe2 Nxd4 17. Nxd4 Bxd4 18. O-O Qe5 19. Qc4 Be6 20. Qxc6
Rdc8 21. Qf3 Bxb3 22. cxb3 Bxc3 23. bxc3 Qxc3 24. Qe4 Ra7 25. h4 Qxb3 26. Rab1
Qc4 27. Qe3 Rac7 28. a5 Qxh4 29. Rb6 Rc5 30. g3 Qh3 31. Rb8 Rh5 32. Rxc8+ Kg7
33. Qd4+ e5 34. Qh4 Rxh4 0-1

[Event "XXV Festival Conca della Presolana A"]
[Site "Bratto - Castione della Presolana ITA"]
[Date "2005.08.27"]
[Round "8"]
[White "Salami, Marco"]
[Black "Mosca, Leonildo"]
[Result "0-1"]
[WhiteElo "2221"]
[BlackElo "2115"]
[PlyCount "152"]
[EventDate "2005.08.20"]

1. e4 Nf6 2. e5 Nd5 3. d4 d6 4. c4 Nb6 5. exd6 exd6 6. Nc3 Be7 7. Be3 O-O 8.
Be2 Nc6 9. Rc1 Re8 10. Nf3 Bg4 11. b3 Bf6 12. O-O d5 13. c5 Nc8 14. b4 a6 15.
Qb3 N8e7 16. Rfd1 h6 17. h3 Be6 18. Bd3 Qd7 19. a3 Red8 20. Ne2 Nf5 21. Bxf5
Bxf5 22. Ng3 Bg6 23. Bf4 Re8 24. Rd2 Re6 25. Rcd1 Rae8 26. Qc3 Bd8 27. a4 Bf6
28. Rb2 Na7 29. Qb3 c6 30. Be5 Bxe5 31. Nxe5 Qe7 32. Rf1 Bh7 33. f4 Qh4 34. Kh2
f6 35. f5 R6e7 36. Nf3 Qf4 37. Qd3 Re3 38. Qc2 h5 39. h4 R8e4 40. Qf2 Bxf5 41.
Kg1 Re8 42. Ne5 Qxg3 43. Qxf5 R3xe5 44. dxe5 Qxe5 45. Qf2 Qe4 46. Rbb1 Qe3 47.
Rfe1 Qxf2+ 48. Kxf2 Rxe1 49. Rxe1 Kf7 50. Kf3 Nc8 51. Rb1 Na7 52. g4 hxg4+ 53.
Kxg4 g6 54. Rb2 Ke6 55. Re2+ Kf7 56. h5 gxh5+ 57. Kxh5 Nc8 58. Rb2 b5 59. Kg4
Ne7 60. Re2 Ng6 61. axb5 axb5 62. Ra2 Ke6 63. Re2+ Ne5+ 64. Kf4 d4 65. Ke4 d3
66. Ra2 f5+ 67. Kd4 d2 68. Ra1 Nc4 69. Kc3 f4 70. Kc2 f3 71. Kd1 Ke5 72. Ra8 f2
73. Re8+ Kd4 74. Rd8+ Kc3 75. Rd3+ Kxb4 76. Rf3 f1=Q+ 0-1

[Event "XXV Festival Conca della Presolana A"]
[Site "Bratto - Castione della Presolana ITA"]
[Date "2005.08.27"]
[Round "8"]
[White "Salvador, Roland"]
[Black "Tatai, Stefano"]
[Result "1-0"]
[WhiteElo "2416"]
[BlackElo "2370"]
[PlyCount "95"]
[EventDate "2005.08.20"]

1. d4 Nf6 2. Nc3 d5 3. Bf4 Bf5 4. e3 e6 5. Nf3 c6 6. a3 Nbd7 7. Be2 h6 8. h4 a5
9. Nd2 b5 10. g4 Bg6 11. Rg1 Nb6 12. Bd3 Nfd7 13. Bxg6 fxg6 14. g5 h5 15. Nf3
b4 16. Ne2 Nc4 17. Qd3 Kf7 18. b3 Nb2 19. Qd2 bxa3 20. c3 Qb6 21. Qc2 Qb5 22.
Nc1 c5 23. Rxa3 cxd4 24. Nxd4 Qb6 25. Ra2 e5 26. Nce2 exd4 27. Nxd4 Rc8 28. Ne2
Nc5 29. Rxb2 Ne4 30. Qd3 Nxc3 31. Nxc3 Rxc3 32. Qxd5+ Qe6 33. Qxe6+ Kxe6 34.
Ke2 Ba3 35. Rbb1 Rc2+ 36. Kf3 Rf8 37. Rgd1 Rf5 38. Rd3 Rb5 39. Rbd1 Be7 40. Rd4
Rb7 41. Bd6 Bd8 42. Re4+ Kf7 43. Rf4+ Ke6 44. Bf8 Bc7 45. Re4+ Kf7 46. Ba3 Bb6
47. Rd6 Bc5 48. Rf4+ 1-0

[Event "XXV Festival Conca della Presolana A"]
[Site "Bratto - Castione della Presolana ITA"]
[Date "2005.08.27"]
[Round "8"]
[White "Sautto, Daniele"]
[Black "Manzoni, Alessandro"]
[Result "1-0"]
[WhiteElo "2136"]
[BlackElo "2086"]
[PlyCount "85"]
[EventDate "2005.08.20"]

1. e4 d6 2. d4 Nf6 3. Nc3 g6 4. f3 c6 5. Be3 b5 6. Qd2 Qa5 7. Bd3 Nbd7 8. Nge2
Qc7 9. O-O Bg7 10. Nd1 Rb8 11. Nf2 O-O 12. c4 b4 13. Rac1 c5 14. b3 a5 15. Bc2
Ba6 16. Bh6 Nb6 17. Bb1 a4 18. d5 axb3 19. axb3 Ra8 20. Ng4 Nxg4 21. fxg4 e6
22. Bxg7 Kxg7 23. Rf3 exd5 24. exd5 h6 25. Rh3 Rh8 26. Qb2+ Kg8 27. g5 h5 28.
Rf1 Qe7 29. Rhf3 Rh7 30. Nf4 Qxg5 31. Bxg6 fxg6 32. Ne6 Qe7 33. Rf8+ Rxf8 34.
Rxf8+ Qxf8 35. Nxf8 Kxf8 36. Qf6+ Ke8 37. Qxg6+ Rf7 38. Qxd6 Rb7 39. Qxc5 Nxc4
40. Qc6+ Ke7 41. Qe6+ Kd8 42. Qxa6 Rc7 43. bxc4 1-0

[Event "XXV Festival Conca della Presolana A"]
[Site "Bratto - Castione della Presolana ITA"]
[Date "2005.08.27"]
[Round "8"]
[White "Tagliagambe, Stefano"]
[Black "Zoldan, Matteo"]
[Result "1/2-1/2"]
[WhiteElo "2055"]
[BlackElo "2114"]
[PlyCount "29"]
[EventDate "2005.08.20"]

1. Nf3 d6 2. d4 Nf6 3. g3 g6 4. b3 Bg7 5. Bb2 O-O 6. Bg2 Nbd7 7. O-O e5 8. dxe5
Ng4 9. c4 dxe5 10. e4 Re8 11. h3 Nh6 12. Nc3 f6 13. Qc2 c6 14. Rfd1 Qe7 15. Na4
1/2-1/2

[Event "XXV Festival Conca della Presolana A"]
[Site "Bratto - Castione della Presolana ITA"]
[Date "2005.08.27"]
[Round "8"]
[White "Tencati, Giuseppe"]
[Black "Castelfranchi, Carlo"]
[Result "1/2-1/2"]
[WhiteElo "2109"]
[BlackElo "2073"]
[PlyCount "58"]
[EventDate "2005.08.20"]

1. d4 Nf6 2. c4 g6 3. Nf3 Bg7 4. Nc3 d5 5. e3 O-O 6. Be2 c5 7. O-O cxd4 8. exd4
Nc6 9. Be3 Bg4 10. Qa4 dxc4 11. Qxc4 Rc8 12. Qa4 Nd5 13. Nxd5 Qxd5 14. h3 Bd7
15. Qa3 Qa5 16. Qxa5 Nxa5 17. Ne5 Be6 18. Rac1 Rfd8 19. b4 Nc6 20. Nxc6 Rxc6
21. Rxc6 bxc6 22. a3 Bb3 23. Rc1 Ba4 24. Bf3 e5 25. dxe5 Bxe5 26. Rc5 Bc7 27.
Rc3 Be5 28. Rc5 Bc7 29. Rc3 Be5 1/2-1/2